书目信息 |
| 书名: | Glassy materials and disordered solids | |
| 作者: | Kurt Binder, Walter Kob | |
| 分册号: | ||
| 分册名: | 出版地: | Shanghai : |
|
| 出版社: | Fudan University Press | |
| 出版时间: | 2006. | |
| 页数: | ix, 442 p. : | |
| 开本: | 23 cm. | |
| 丛书名: | 研究生前沿教材书系 | |
| 中图分类号: | ||
| 科图分类号: | ||
| 其他分类号: | O481 | |
| 主题词: | ||
| 电子资源: | ||
| 000 | 01295nam 2200337 a 4500 | |
| 001 | E0737476122 | |
| 004 | 001408364 | |
| 004 | 001408364 | |
| 005 | 20070702102612.29 | |
| 008 | 001 0 eng | |
| 008 | 4001uueng0000000 | |
| 008 | 4001uueng0000000 | |
| 020 | @a7309052072 :@cCNY45.00. | |
| 040 | @aCcBjTSG @bchi | |
| 041 | @aeng@bchi | |
| 090 | @aO481 | |
| 099 | @dO481@ex5 | |
| 100 | 1 | @aBinder, K. @q(Kurt), @d1944- |
| 245 | 10 | @aGlassy materials and disordered solids :@ban introduction to their statistical mechanics = 玻璃质材料和无序固体 : 它们的统计力学导论 / @cKurt Binder, Walter Kob |
| 246 | 31 | @a玻璃质材料和无序固体 : @b它们的统计力学导论 |
| 250 | @a影印版. | |
| 260 | @aShanghai :@bFudan University Press,@c2006. | |
| 300 | @aix, 442 p. :@bill. ;@c23 cm. | |
| 440 | 0 | @a研究生前沿教材书系 |
| 504 | @aIncludes bibliographical references and index. | |
| 534 | @pReprint. Originally published: @c[Hackensack, N.J.] : World Scientific Pub. Co., 2005. @z9812565108. | |
| 650 | 0 | @aAmorphous substances. |
| 650 | 0 | @aStatistical mechanics. |
| 700 | 1 | @aKob, Walter. @b01 @c20070516 @lNLC09 @h1547 @b40 @c20070521 @lNLC09 @h1459 @b40 @c20070531 @lNLC09 @h1634 |
| 852 | 91 | @bWWDY @k2-2007 @hTB383 @iB612 |
| 852 | 91 | @bWWJC @cJ09 @k2-2007 @hTB383 @iB612 |
| Glassy materials and disordered solids : : an introduction to their statistical mechanics = 玻璃质材料和无序固体 : 它们的统计力学导论 / / Kurt Binder, Walter Kob.-影印版.-Shanghai : : Fudan University Press, , 2006. |
| ix, 442 p. : : ill. ; ; 23 cm.- (研究生前沿教材书系 ) |
| Includes bibliographical references and index. |
| ISBN 7309052072 :CNY45.00. |
| ● |
| 相关链接 |
|
|
|
|
正题名:Glassy materials and disordered solids
索取号:O481/x5
 
预约/预借
| 序号 | 登录号 | 条形码 | 馆藏地/架位号 | 状态 | 备注 |
| 1 | 12126 | 300121268 | 第二样本阅览室/ [索取号:O481/x5] | 在馆 | |
| 2 | 12127 | 300121277 | 第四借阅区/ [索取号:O481/x5] | 在馆 | |
| 3 | 12128 | 300121286 | 第四借阅区/ [索取号:O481/x5] | 在馆 |